[Event "22nd Abu Dhabi Masters"]
[Site "Abu Dhabi UAE"]
[Date "2015.08.27"]
[Round "6.25"]
[White "Mansour,Sam"]
[Black "Stopa,Ja"]
[Result "1-0"]
[WhiteTitle "FM"]
[BlackTitle "GM"]
[WhiteElo "2292"]
[BlackElo "2544"]
[WhiteFideId "8100144"]
[BlackFideId "1119591"]
[EventDate "2015.08.23"]

1. e4 g6 2. d4 Bg7 3. c4 d6 4. Nc3 Nc6 5. Be3 Nf6 6. h3 O-O 7. Nf3 e5 8. d5 Ne7
9. g4 c5 10. Be2 a6 11. Nd2 Ne8 12. g5 f5 13. gxf6 Nxf6 14. h4 Qd7 15. h5 gxh5
16. Bxh5 b5 17. Be2 b4 18. Na4 Qc7 19. Rg1 Ng6 20. Qc2 Nf4 21. Bxf4 exf4 22. e5
dxe5 23. O-O-O Bd7 24. Bd3 Bxa4 25. Qxa4 b3 26. Ne4 Nxe4 27. Bxe4 Qd6 28. Qxb3
f3 29. Qd3 Rf4 30. Bxh7+ Kf8 31. Be4 Rb8 32. Rg6 Rf6 33. Rdg1 Qb6 34. b3 Qd8 1-0

[Event "22nd Abu Dhabi Masters"]
[Site "Abu Dhabi UAE"]
[Date "2015.08.27"]
[Round "6.26"]
[White "Firouzja,Alireza"]
[Black "Ezat,M"]
[Result "1/2-1/2"]
[BlackTitle "IM"]
[WhiteElo "2309"]
[BlackElo "2476"]
[WhiteFideId "12573981"]
[BlackFideId "10600906"]
[EventDate "2015.08.23"]

1. Nf3 Nf6 2. g3 g6 3. b3 Bg7 4. Bb2 O-O 5. Bg2 d6 6. d4 c5 7. O-O cxd4 8. Nxd4
d5 9. c4 dxc4 10. bxc4 Qb6 11. Qc1 Nc6 12. Nxc6 bxc6 13. Nd2 Bg4 14. Nf3 Rab8
15. Be5 Rbd8 16. c5 Qa6 17. Nd4 Nd5 18. Bxg7 Kxg7 19. h3 Bc8 20. Qb2 Kg8 21.
Rfd1 e5 22. Nb3 f6 23. e4 Nc7 24. f4 Rde8 25. Rd6 Be6 26. Rf1 Nb5 27. Rd2 Na3
28. Rdf2 Bc4 29. Rd1 Bf7 30. fxe5 fxe5 31. Rdf1 Nb5 32. Rf6 Qc8 33. a4 Nc7 34.
Na5 Ne6 35. Qxe5 Qa6 36. Qc3 Rd8 37. Nc4 Nd4 38. Qa5 Ne2+ 39. Kh2 Bxc4 40. Rxf8+
Rxf8 41. Rxf8+ Kxf8 42. Qd8+ Kg7 43. e5 Qb7 44. Qf6+ Kg8 45. Qd8+ Kg7 46. Qf6+
Kg8 47. Qd8+ Kg7 48. Qf6+ 1/2-1/2

[Event "22nd Abu Dhabi Masters"]
[Site "Abu Dhabi UAE"]
[Date "2015.08.27"]
[Round "6.27"]
[White "Severina,M"]
[Black "Berescu,A"]
[Result "1-0"]
[WhiteTitle "WIM"]
[BlackTitle "GM"]
[WhiteElo "2276"]
[BlackElo "2464"]
[WhiteFideId "4116909"]
[BlackFideId "1204920"]
[EventDate "2015.08.23"]

1. d4 d6 2. e4 Nf6 3. Nc3 c6 4. f4 Qa5 5. Bd3 e5 6. Nf3 exd4 7. Nxd4 g6 8. h3
Bg7 9. Be3 O-O 10. O-O Nbd7 11. Qf3 Qc7 12. Nb3 b5 13. Rae1 Bb7 14. Bf2 b4 15.
Nd1 c5 16. c4 a5 17. Bh4 Rae8 18. Nd2 Nb6 19. Ne3 Na4 20. b3 Nc3 21. Nd5 Nfxd5
22. exd5 f5 23. Bb1 Bc8 24. Kh1 Qf7 25. Kh2 Bd7 26. Kh1 a4 27. Qg3 Rxe1 28. Rxe1
Re8 29. Qd3 a3 30. Nf3 h6 31. Rxe8+ Qxe8 32. Be1 Nxb1 33. Qxb1 Qe4 34. Qc1 Bb2
35. Qd1 Qxf4 36. Bd2 Qe4 37. Bxh6 Bf6 38. Qd2 Qb1+ 39. Kh2 Qe4 40. Bf4 Qe7 41.
Qf2 Be5 42. Nxe5 dxe5 43. Qe3 e4 44. d6 Qh4 45. Bg5 Qh5 46. h4 Qh8 47. Qxc5 Qb2
48. Qd5+ Kg7 49. Be3 Qxa2 50. Qe5+ 1-0

[Event "22nd Abu Dhabi Masters"]
[Site "Abu Dhabi UAE"]
[Date "2015.08.27"]
[Round "6.28"]
[White "Antonio,V"]
[Black "Ris,R"]
[Result "1-0"]
[BlackTitle "IM"]
[WhiteElo "2255"]
[BlackElo "2449"]
[WhiteFideId "5027330"]
[BlackFideId "1011480"]
[EventDate "2015.08.23"]

1. e4 g6 2. d4 Bg7 3. Nc3 d6 4. f4 a6 5. Nf3 b5 6. Bd3 Nd7 7. e5 c5 8. Be3 b4 9.
Ne4 Nh6 10. Neg5 cxd4 11. Bxd4 dxe5 12. fxe5 e6 13. Be4 Rb8 14. Ba7 Rb5 15. Bc6
Rxe5+ 16. Nxe5 Bxe5 17. Nf3 Bxb2 18. Bd4 Bxa1 19. Qxa1 O-O 20. Bxd7 Bxd7 21. Bg7
Nf5 22. Bxf8 Qb6 23. Bh6 Nxh6 24. Qd4 Qb5 25. Qd3 Qxd3 26. cxd3 Bc6 27. Ke2 Bd5
28. Rb1 a5 29. Rb2 Nf5 30. Ne5 Nd6 31. Ke3 f6 32. Nd7 Kf7 33. Nb6 Nb5 34. Nxd5
exd5 35. Rc2 a4 36. Rb2 b3 37. axb3 d4+ 38. Kd2 axb3 39. Rxb3 Nd6 40. Rb4 Nf5
41. g4 Nh4 42. Ke2 f5 43. Rxd4 fxg4 44. Rxg4 Nf5 45. Re4 h5 46. d4 g5 47. d5 g4
48. Kd3 g3 49. hxg3 Nxg3 50. Re5 1-0

[Event "22nd Abu Dhabi Masters"]
[Site "Abu Dhabi UAE"]
[Date "2015.08.27"]
[Round "6.29"]
[White "Fendereski,Nima"]
[Black "Padmini,R"]
[Result "1/2-1/2"]
[BlackTitle "IM"]
[WhiteElo "2268"]
[BlackElo "2444"]
[WhiteFideId "12533807"]
[BlackFideId "5029295"]
[EventDate "2015.08.23"]

1. e4 c5 2. Nf3 d6 3. d4 cxd4 4. Qxd4 a6 5. c4 Nf6 6. Nc3 e6 7. Bg5 Nbd7 8. Be2
b6 9. O-O Bb7 10. b4 Be7 11. Rfd1 Qc7 12. Rac1 O-O 13. h3 Rac8 14. a3 Rfd8 15.
Qe3 h6 16. Bh4 Qb8 17. Bg3 e5 18. Nh4 Bf8 19. Nf5 Kh7 20. Qf3 g6 21. Ne3 Kg7 22.
Ncd5 Nxd5 23. Nxd5 Bxd5 24. cxd5 Qb7 25. Qb3 Rxc1 26. Rxc1 Rc8 27. Rc3 Be7 28.
Qc2 Rxc3 29. Qxc3 Nb8 30. Bg4 Bd8 31. f4 f6 32. Be6 Qc7 33. Qxc7+ Bxc7 34. f5 g5
35. Kf1 Kf8 36. Ke2 Ke7 37. Kf3 h5 38. Bc8 Kd8 39. Be6 Ke7 40. Bc8 Kd8 41. Be6 1/2-1/2

[Event "22nd Abu Dhabi Masters"]
[Site "Abu Dhabi UAE"]
[Date "2015.08.27"]
[Round "6.30"]
[White "Bashirli,Nail"]
[Black "Czebe,A"]
[Result "0-1"]
[WhiteTitle "FM"]
[BlackTitle "GM"]
[WhiteElo "2235"]
[BlackElo "2439"]
[WhiteFideId "13406809"]
[BlackFideId "705268"]
[EventDate "2015.08.23"]

1. e4 g6 2. d4 Bg7 3. Nc3 Nc6 4. d5 Nb8 5. Be3 d6 6. Qd2 c6 7. O-O-O Nd7 8. Kb1
a6 9. f3 c5 10. g4 b5 11. h4 Nb6 12. a3 Rb8 13. h5 gxh5 14. gxh5 h6 15. Nh3 Nf6
16. Nf2 Nfd7 17. Rg1 Bxc3 18. Qxc3 f6 19. b3 c4 20. f4 Qc7 21. Bh3 a5 22. Qd4
Nc5 23. Rc1 Bxh3 24. Nxh3 cxb3 25. e5 Nc4 26. exd6 exd6 27. Qxf6 Rf8 28. Qg6+
Kd8 29. Bxc5 bxc2+ 30. Qxc2 Qxc5 31. Qd3 Qxa3 32. Qxa3 Nxa3+ 33. Ka2 b4 34. f5
Nb5 35. Nf4 Nc3+ 36. Ka1 Rxf5 37. Ne6+ Ke7 38. Nd4 Rbf8 39. Rce1+ Kd8 40. Ne6+
Kc8 41. Nxf8 Rf2 42. Re8+ Kb7 43. Rg7+ Ka6 44. Ra8+ Kb5 45. Rb7+ Ka4 46. Rxa5+
Kxa5 47. Ra7+ Kb6 48. Ra8 Kb7 49. Ra5 b3 0-1

[Event "22nd Abu Dhabi Masters"]
[Site "Abu Dhabi UAE"]
[Date "2015.08.27"]
[Round "6.31"]
[White "Swathi,G"]
[Black "Vignesh,N R"]
[Result "0-1"]
[WhiteTitle "WGM"]
[WhiteElo "2214"]
[BlackElo "2430"]
[WhiteFideId "5003474"]
[BlackFideId "25012215"]
[EventDate "2015.08.23"]

1. e4 e5 2. Nf3 Nc6 3. Bb5 a6 4. Ba4 Nf6 5. O-O Be7 6. d3 d6 7. c3 O-O 8. Re1 b5
9. Bc2 Bb7 10. d4 exd4 11. Nxd4 Re8 12. Nf5 Bf8 13. Bg5 h6 14. Bf4 Ne5 15. Nd2
Qd7 16. a4 Kh7 17. Bg3 g6 18. Ne3 Nh5 19. Nd5 Bg7 20. Nb3 Nxg3 21. hxg3 Nc4 22.
Nc5 Qc8 23. Nxb7 Qxb7 24. Rb1 Rad8 25. Ne3 Nb6 26. axb5 axb5 27. Qf3 c5 28. Nd5
Nxd5 29. exd5 Kg8 30. Re4 Rxe4 31. Qxe4 Qa8 32. Re1 Qa2 33. Qe7 Rf8 34. Rb1 Qxd5
35. Rd1 Qa2 36. Rxd6 Qxb2 37. Bd3 Bxc3 38. Be4 Qc1+ 39. Kh2 Qg5 40. Qb7 Bd4 41.
Rd5 Qd2 42. f3 Qe1 43. Qxb5 Qg1+ 44. Kh3 h5 0-1

[Event "22nd Abu Dhabi Masters"]
[Site "Abu Dhabi UAE"]
[Date "2015.08.27"]
[Round "6.32"]
[White "Visakh,N R"]
[Black "Zozek,S"]
[Result "1-0"]
[BlackTitle "FM"]
[WhiteElo "2411"]
[BlackElo "2225"]
[WhiteFideId "25012223"]
[BlackFideId "4803361"]
[EventDate "2015.08.23"]

1. Nf3 d5 2. c4 c6 3. d4 Nf6 4. e3 e6 5. Nbd2 Nbd7 6. b3 Bd6 7. Bb2 Qc7 8. Bd3
O-O 9. O-O e5 10. cxd5 cxd5 11. Rc1 Qb8 12. dxe5 Nxe5 13. Nxe5 Bxe5 14. Bxe5
Qxe5 15. Nf3 Qh5 16. Be2 Bd7 17. Qd4 Rfe8 18. Qf4 a6 19. Rc7 Rab8 20. Rfc1 h6
21. Nd4 Qe5 22. Qxe5 Rxe5 23. Bd3 g6 24. b4 Ree8 25. Nb3 Rec8 26. h3 Kf8 27.
R1c2 Ke7 28. Na5 b6 29. Nc6+ Kd6 30. Nxb8 Rxc7 31. Rxc7 Kxc7 32. Nxd7 Kxd7 33.
Bxa6 Ne4 34. Bb5+ Kd6 35. Ba4 Nc3 36. Bb3 Ne2+ 37. Kf1 Nc1 38. Ke1 Nd3+ 39. Kd2
Nxb4 40. Kc3 Kc5 41. f3 f6 42. Kd2 Nc6 43. Bc2 g5 44. Bb3 Ne7 45. Bc2 Nc6 46.
Bb3 Na5 47. Kc3 Nb7 48. Kd3 Nd6 49. Ke2 Nf5 50. Kf2 d4 51. e4 Ne7 52. g3 Kb4 53.
f4 Kc3 54. Kf3 d3 55. e5 fxe5 56. fxe5 Nc6 57. Ke4 d2 58. Kd5 Nd4 59. Bd1 Nf5
60. Kc6 Ne3 61. Be2 Kc2 62. e6 Nf5 63. Kxb6 Nd4 64. Bg4 Nxe6 65. a4 Nd4 66. a5
Kd3 67. Bd1 Ne2 68. a6 Nc3 69. Bb3 Nd5+ 70. Kc5 Kc3 71. Bd1 Nb4 1-0

[Event "22nd Abu Dhabi Masters"]
[Site "Abu Dhabi UAE"]
[Date "2015.08.27"]
[Round "6.33"]
[White "Karavade,E"]
[Black "Heydarli,K"]
[Result "1-0"]
[WhiteTitle "IM"]
[BlackTitle "IM"]
[WhiteElo "2409"]
[BlackElo "2256"]
[WhiteFideId "5012600"]
[BlackFideId "13404423"]
[EventDate "2015.08.23"]

1. d4 d5 2. c4 e6 3. Nc3 Nf6 4. cxd5 exd5 5. Bg5 Be7 6. e3 c6 7. Qc2 Nbd7 8. Bd3
O-O 9. Nge2 Re8 10. O-O Nf8 11. f3 Nh5 12. Bxe7 Qxe7 13. e4 Be6 14. Rae1 g6 15.
Kh1 Rad8 16. Qc1 Qh4 17. Kg1 dxe4 18. fxe4 Bg4 19. Bc4 Be6 20. Bd3 Bg4 21. Qe3
Bxe2 22. Bxe2 Ng7 23. g3 Qh3 24. Qf2 Qd7 25. Bc4 Re7 26. d5 Qe8 27. e5 cxd5 28.
Nxd5 Rxd5 29. Bxd5 b6 30. Rd1 Nge6 31. Rc1 Ng5 32. Qf6 Nge6 33. Rc8 Qd7 34. Rd1
Qxc8 35. Qxe7 h6 36. Rf1 Qc5+ 37. Qxc5 bxc5 38. Bxe6 Nxe6 39. Rd1 Nd4 40. Kf2 1-0

[Event "22nd Abu Dhabi Masters"]
[Site "Abu Dhabi UAE"]
[Date "2015.08.27"]
[Round "6.34"]
[White "Asgarizadeh,A"]
[Black "Kryvoruchko,Vita"]
[Result "1-0"]
[WhiteTitle "IM"]
[BlackTitle "WGM"]
[WhiteElo "2407"]
[BlackElo "2210"]
[WhiteFideId "12505684"]
[BlackFideId "14108917"]
[EventDate "2015.08.23"]

1. e4 e5 2. Nf3 Nc6 3. Bb5 a6 4. Ba4 Nf6 5. O-O b5 6. Bb3 Bb7 7. Nc3 Be7 8. d3
d6 9. a3 O-O 10. Re1 h6 11. Ne2 Re8 12. Ng3 Bf8 13. c3 d5 14. exd5 Nxd5 15. d4
Nb6 16. Qd3 exd4 17. Bxh6 Rxe1+ 18. Rxe1 dxc3 19. Bxf7+ Kh8 20. Qxc3 Na4 21. Qc2
Qf6 22. Bc1 Nd4 23. Nxd4 Qxf7 24. h3 Qd5 25. Nf3 Bd6 26. Qg6 Rf8 27. Ne4 Qf5 28.
Nh4 Qe5 29. Qxd6 cxd6 30. Ng6+ Kg8 31. Nxe5 dxe5 32. b3 Bxe4 33. bxa4 Bc6 34.
axb5 Bxb5 35. Rxe5 Re8 36. Rc5 Re1+ 37. Kh2 Re2 38. Be3 Ra2 39. Rc3 g6 40. h4
Kf7 41. g4 Be2 42. Kg3 Ra1 43. Bc1 Ra2 44. f3 Bf1 45. Kf4 Re2 46. Be3 Rb2 47.
Rc7+ Ke6 48. Rc6+ Kf7 49. Bd4 Rd2 50. Be5 Rd3 51. Rf6+ Ke8 52. Rxg6 Rxa3 53. Rc6
Bb5 54. Rc3 Ra2 55. h5 Kf7 56. Kg5 Re2 57. f4 Rg2 58. h6 Be2 59. h7 Rxg4+ 60.
Kf5 Rh4 61. Rc7+ Ke8 62. h8=Q+ 1-0

[Event "22nd Abu Dhabi Masters"]
[Site "Abu Dhabi UAE"]
[Date "2015.08.27"]
[Round "6.35"]
[White "Khouri,I"]
[Black "Nezad,H"]
[Result "1/2-1/2"]
[WhiteTitle "FM"]
[BlackTitle "IM"]
[WhiteElo "2205"]
[BlackElo "2404"]
[WhiteFideId "9301526"]
[BlackFideId "12100293"]
[EventDate "2015.08.23"]

1. e4 e5 2. Nf3 Nc6 3. Nc3 Nf6 4. d4 exd4 5. Nxd4 Bb4 6. Nxc6 bxc6 7. Bd3 O-O 8.
O-O Re8 9. Qf3 Bd6 10. Bf4 Bxf4 11. Qxf4 d6 12. Ne2 Nd7 13. Rfe1 a5 14. Nd4 Ne5
15. Rad1 Bd7 16. Bf1 Qb8 17. b3 Qb4 18. Qd2 c5 19. c3 Qb7 20. Nf5 a4 21. b4 cxb4
22. cxb4 a3 23. Qc3 Qb6 24. Re3 Bxf5 25. exf5 Ng4 26. Rf3 Ra4 27. Rd4 Nf6 28.
Rg3 Re5 29. Re3 Rxe3 30. fxe3 h5 31. h3 Ra8 32. Bc4 c5 33. bxc5 Qb1+ 34. Kh2
dxc5 35. Rf4 Qb2 36. Qd3 Qe5 37. Kh1 Ra7 38. Qb3 Ne4 39. Rxe4 Qxe4 40. Qb8+ Kh7
41. Qxa7 Qxc4 42. Qxa3 Qf1+ 43. Kh2 c4 44. Qc5 Qd3 45. Qe7 Qxf5 46. Qc7 Qe6 47.
a4 f6 48. Kh1 Qe4 49. Qc5 c3 50. Qxc3 Qxa4 51. Qd3+ Kh6 52. Qf5 Qa1+ 53. Kh2 Qc3
54. Qf4+ g5 55. Qf3 Qe5+ 56. Kh1 h4 57. Kg1 Kg6 58. Kh1 Qf5 59. Qa8 Qe6 60. Qf3
Qc4 61. Kh2 Kf7 62. Qh5+ Kg7 63. Qf3 Qc7+ 64. Kh1 Qd6 65. Kg1 Kf8 66. Qa8+ Ke7
67. Qb7+ Ke6 68. Qe4+ Qe5 69. Qc6+ Ke7 70. Qb7+ Kd6 71. Qb6+ Kd5 72. Qb3+ Ke4
73. Kh1 Qd5 74. Qc3 f5 75. Qf6 Qe5 76. Qxg5 Qa1+ 77. Kh2 Qe5+ 78. Kh1 Qa1+ 79.
Kh2 Qe5+ 1/2-1/2

[Event "22nd Abu Dhabi Masters"]
[Site "Abu Dhabi UAE"]
[Date "2015.08.27"]
[Round "6.36"]
[White "Sindarov,Javokhir"]
[Black "Gaponenko,I"]
[Result "0-1"]
[WhiteTitle "CM"]
[BlackTitle "IM"]
[WhiteElo "2198"]
[BlackElo "2402"]
[WhiteFideId "14205483"]
[BlackFideId "14101181"]
[EventDate "2015.08.23"]

1. e4 c5 2. Nc3 Nc6 3. g3 g6 4. Bg2 Bg7 5. d3 Rb8 6. Be3 d6 7. Qd2 b5 8. Nge2 b4
9. Nd1 Nd4 10. O-O e6 11. Re1 Ne7 12. Bh6 Bxh6 13. Qxh6 Nxc2 14. Qg7 Rg8 15.
Qxh7 Nxe1 16. Ne3 Nxg2 17. Ng4 Kd7 18. Nf6+ Kc7 19. Nxg8 Qxg8 20. Qh6 Bb7 21.
Kxg2 Nf5 22. Qd2 Qg7 23. Rc1 Nd4 24. Nf4 g5 25. Nh3 g4 26. Nf4 e5 27. Ne2 Nxe2
28. Qxe2 Qh6 29. Rf1 f5 30. f3 Qg6 31. fxg4 fxe4 32. dxe4 Bxe4+ 33. Kg1 Bd3 34.
Qd1 0-1

[Event "22nd Abu Dhabi Masters"]
[Site "Abu Dhabi UAE"]
[Date "2015.08.27"]
[Round "6.37"]
[White "Abhishek,K"]
[Black "Anand,N"]
[Result "1/2-1/2"]
[BlackTitle "FM"]
[WhiteElo "2400"]
[BlackElo "2025"]
[WhiteFideId "5019257"]
[BlackFideId "25009141"]
[EventDate "2015.08.23"]

1. d4 Nf6 2. c4 e6 3. Nf3 b6 4. a3 Ba6 5. Qb3 Be7 6. Nc3 d5 7. cxd5 Nxd5 8. g3
O-O 9. Bg2 Nc6 10. O-O Na5 11. Qc2 Nxc3 12. Qxc3 Bxe2 13. Re1 Bxf3 14. Bxf3 Rb8
15. Bf4 Bd6 16. Be5 Nb7 17. Rac1 Bxe5 18. Rxe5 Nd6 19. Kg2 Rc8 20. Bc6 Qf6 21.
Bd7 Rcd8 22. Qxc7 Nf5 23. Qxa7 Nxd4 24. Re3 Nf5 25. Rec3 Qd4 26. Bc6 Qd2 27. b4
Ne3+ 28. Rxe3 Qxc1 29. Qxb6 Rd1 30. h4 Rh1 31. Qa6 Rd8 1/2-1/2

[Event "22nd Abu Dhabi Masters"]
[Site "Abu Dhabi UAE"]
[Date "2015.08.27"]
[Round "6.38"]
[White "Rohan,A"]
[Black "Ayyad,H"]
[Result "1-0"]
[WhiteTitle "FM"]
[BlackTitle "FM"]
[WhiteElo "2389"]
[BlackElo "2162"]
[WhiteFideId "5090598"]
[BlackFideId "11200243"]
[EventDate "2015.08.23"]

1. Nf3 Nf6 2. g3 d5 3. Bg2 Bg4 4. c4 c6 5. Ne5 e6 6. cxd5 exd5 7. Nxg4 Nxg4 8.
e4 Ne5 9. d4 Bb4+ 10. Nc3 Bxc3+ 11. bxc3 Nc4 12. exd5 O-O 13. O-O cxd5 14. Rb1
Qd7 15. Qb3 Nb6 16. Ba3 Rd8 17. Bc5 Nc6 18. Bxb6 axb6 19. Qxb6 Qf5 20. Rb5 Rd7
21. c4 Ne7 22. cxd5 Nc8 23. Qc5 Nd6 24. Rb6 Rad8 25. Re1 g6 26. Qb4 Kg7 27. a4
Qd3 28. Bh3 f5 29. Bf1 Qc2 30. Rxd6 Rxd6 31. Qxb7+ Kh6 32. Re7 Rh8 33. a5 f4 34.
Rf7 fxg3 35. hxg3 Qe4 36. Rf4 Qe8 37. Rh4+ Kg5 38. Qg7 Rxd5 39. f4+ Kf5 40. Bh3+
Ke4 41. Bg2+ Kd3 42. Bxd5 Qe1+ 43. Kh2 Re8 44. Bg2 Re3 45. Rg4 Re2 46. Qb7 Qxa5
47. Rg5 1-0

[Event "22nd Abu Dhabi Masters"]
[Site "Abu Dhabi UAE"]
[Date "2015.08.27"]
[Round "6.39"]
[White "Patil,Pr2"]
[Black "Oganisjn,R"]
[Result "1/2-1/2"]
[BlackTitle "FM"]
[WhiteElo "2186"]
[BlackElo "2328"]
[WhiteFideId "5038758"]
[BlackFideId "4153006"]
[EventDate "2015.08.23"]

1. e4 c5 2. c3 d6 3. d4 Nd7 4. Nf3 g6 5. Bd3 Bg7 6. O-O e5 7. Na3 exd4 8. cxd4
cxd4 9. Bf4 Ne5 10. Bb5+ Bd7 11. Nxd4 a6 12. Bxd7+ Qxd7 13. Rc1 Nf6 14. Nc4 Nxc4
15. Rxc4 O-O 16. Nf3 Rfe8 17. Re1 Qb5 18. b3 Rad8 19. Rd4 Qb6 20. h3 d5 21. exd5
Rxe1+ 22. Qxe1 Nxd5 23. Be5 1/2-1/2

[Event "22nd Abu Dhabi Masters"]
[Site "Abu Dhabi UAE"]
[Date "2015.08.27"]
[Round "6.40"]
[White "Yashas,D"]
[Black "Asadli,Vugar"]
[Result "0-1"]
[BlackTitle "CM"]
[WhiteElo "2135"]
[BlackElo "2324"]
[WhiteFideId "5030196"]
[BlackFideId "13405764"]
[EventDate "2015.08.23"]

1. e4 g6 2. d4 Bg7 3. Nc3 d6 4. Be3 Nc6 5. Qd2 e5 6. Nge2 exd4 7. Nxd4 Nf6 8. f3
O-O 9. g4 Nxd4 10. Bxd4 c5 11. Be3 Be6 12. g5 Nd7 13. f4 Re8 14. Bd3 d5 15. exd5
Bg4 16. Rg1 Bh5 17. Rg3 Nb6 18. Bb5 Re7 19. Kf1 a6 20. Be2 Bxc3 21. bxc3 Bxe2+
22. Qxe2 Qxd5 23. Qf2 Qh1+ 24. Qg1 Qe4 25. Qf2 Qc4+ 26. Kg1 Rae8 27. Bxc5 Re2
28. Bxb6 Rxf2 29. Bxf2 Qxf4 30. Rd1 h6 31. gxh6 Qxh6 32. Kg2 Re2 33. Rd8+ Kg7
34. Kf1 Rxf2+ 35. Kxf2 Qxh2+ 36. Kf3 Qxc2 37. Re8 Qf5+ 38. Kg2 Qd5+ 39. Rf3
Qxa2+ 40. Kg3 Qd5 41. Re2 a5 42. Rc2 Qc4 43. Rd2 b5 44. Rd4 Qe6 45. Rd1 a4 46.
Ra1 Qb3 0-1

[Event "22nd Abu Dhabi Masters"]
[Site "Abu Dhabi UAE"]
[Date "2015.08.27"]
[Round "6.41"]
[White "Senthil,Maran K"]
[Black "Predke,A"]
[Result "0-1"]
[WhiteElo "2201"]
[BlackElo "2548"]
[WhiteFideId "25035681"]
[BlackFideId "24107581"]
[EventDate "2015.08.23"]

1. d4 Nf6 2. g3 c5 3. Nf3 cxd4 4. Nxd4 d5 5. Bg2 e5 6. Nb3 Be6 7. O-O Be7 8. Bg5
Nbd7 9. f4 Ng4 10. Bxe7 Qb6+ 11. Kh1 Ne3 12. Qd2 Nxf1 13. Bxf1 Kxe7 14. Nc3 d4
15. Ne4 Bd5 16. Bg2 Nf6 17. Ng5 Bxg2+ 18. Kxg2 exf4 19. Qxf4 Rhd8 20. Rf1 Qd6
21. Qh4 Qd5+ 22. Kg1 h6 23. Nf3 Qe4 24. Nbxd4 Qxh4 25. Nxh4 g6 26. c3 Rd5 27.
Nhf3 Kf8 28. Ne1 Kg7 29. Nd3 Re8 30. Rf4 Ne4 31. Kf1 Ra5 32. a3 g5 33. Rf5 Rxf5+
34. Nxf5+ Kg6 35. Nd4 f5 36. Nb5 a6 37. Nd4 Kf6 38. Kg2 Rc8 39. h3 Nxc3 40. bxc3
Rxc3 41. a4 Rc4 42. Nb3 b6 43. a5 Rc3 44. Nbc1 bxa5 45. Kf3 a4 46. Ke3 Rc2 47.
h4 f4+ 48. gxf4 gxh4 49. Kf3 h5 50. Kg2 a3 51. Kh3 a2 52. Nb3 Rxe2 53. Kxh4 Rh2+
54. Kg3 Rc2 55. Kh4 Rc3 0-1

[Event "22nd Abu Dhabi Masters"]
[Site "Abu Dhabi UAE"]
[Date "2015.08.27"]
[Round "6.42"]
[White "Derakhshani,D"]
[Black "Sadzikowski,D"]
[Result "0-1"]
[WhiteTitle "WIM"]
[BlackTitle "IM"]
[WhiteElo "2192"]
[BlackElo "2480"]
[WhiteFideId "12500330"]
[BlackFideId "1132253"]
[EventDate "2015.08.23"]

1. e4 c5 2. Nf3 Nc6 3. d4 cxd4 4. Nxd4 Qb6 5. Nb3 Nf6 6. Nc3 e6 7. a3 a6 8. Be3
Qc7 9. f4 d6 10. Bd3 g6 11. Qf3 Bg7 12. O-O O-O 13. g4 b5 14. Be2 Bb7 15. Qg3
Rfe8 16. Rad1 b4 17. axb4 Nxb4 18. Rd4 Nxc2 19. Rc4 Qd8 20. Bf2 d5 21. Rd1 dxc4
22. Rxd8 Rexd8 23. Nc5 Bc6 24. Bxc4 Nd7 25. Nd3 Nd4 26. Ne5 Nxe5 27. fxe5 Bxe5
28. Qe3 Bb5 29. Nxb5 axb5 30. Bf1 Bg7 31. Kg2 Ra2 32. Qg5 Rc8 33. Qd2 Rc2 34.
Qg5 Ra8 35. b4 h6 0-1

[Event "22nd Abu Dhabi Masters"]
[Site "Abu Dhabi UAE"]
[Date "2015.08.27"]
[Round "6.43"]
[White "Sagar,S"]
[Black "Saleh,Nab"]
[Result "1-0"]
[WhiteTitle "IM"]
[BlackTitle "FM"]
[WhiteElo "2456"]
[BlackElo "2249"]
[WhiteFideId "5022509"]
[BlackFideId "9300139"]
[EventDate "2015.08.23"]

1. c4 c6 2. Nc3 d5 3. e3 Nf6 4. Nf3 e6 5. b3 Nbd7 6. Qc2 Bd6 7. Bb2 O-O 8. Be2
a6 9. d4 e5 10. cxd5 cxd5 11. dxe5 Nxe5 12. O-O Re8 13. Rfd1 Nc6 14. Rac1 h6 15.
Qb1 Be6 16. Qa1 Bf8 17. Na4 Ne4 18. Nd4 Bd7 19. Nc3 Nxd4 20. Rxd4 Bc6 21. Rcd1
Qg5 22. Bf3 Rad8 23. Bxe4 dxe4 24. Ne2 Rxd4 25. Bxd4 Bb5 26. Nf4 Bd6 27. Bf6
Qxf6 28. Qxf6 gxf6 29. Rxd6 Rc8 30. h4 Rc1+ 31. Kh2 Rc6 32. Rxc6 bxc6 33. Nh5 f5
34. Kg3 Kh7 35. Kf4 Kg6 36. Ng3 1-0

[Event "22nd Abu Dhabi Masters"]
[Site "Abu Dhabi UAE"]
[Date "2015.08.27"]
[Round "6.44"]
[White "Gevorgyan,D"]
[Black "Mona,K"]
[Result "1-0"]
[WhiteTitle "IM"]
[BlackTitle "WGM"]
[WhiteElo "2374"]
[BlackElo "2184"]
[WhiteFideId "13303244"]
[BlackFideId "10605908"]
[EventDate "2015.08.23"]

1. d4 Nf6 2. c4 g6 3. Nc3 Bg7 4. e4 d6 5. Nf3 O-O 6. h3 Nfd7 7. Be2 h6 8. Be3 e5
9. Qd2 Kh7 10. O-O Nc6 11. Rad1 f5 12. dxe5 Ndxe5 13. Nxe5 Nxe5 14. c5 fxe4 15.
Nxe4 Qh4 16. f4 Nf7 17. Bd4 Re8 18. Bxg7 Kxg7 19. Qd4+ Kf8 20. cxd6 Bf5 21. Bd3
Qd8 22. g4 Bxe4 23. Bxe4 cxd6 24. Bxg6 Qh4 25. Rd3 Re7 26. Bxf7 Kxf7 27. Qd5+
Kf8 28. Qxd6 Re8 29. f5 Kf7 30. Qd5+ Kf8 31. Qd6 Kf7 32. Qg6+ Kf8 33. f6 Rf7 34.
Rf2 Qg5 35. Qxg5 hxg5 36. Rd5 1-0

[Event "22nd Abu Dhabi Masters"]
[Site "Abu Dhabi UAE"]
[Date "2015.08.27"]
[Round "6.45"]
[White "Tissir,M"]
[Black "Ghorbani,H"]
[Result "1/2-1/2"]
[WhiteTitle "IM"]
[WhiteElo "2351"]
[BlackElo "2084"]
[WhiteFideId "9000240"]
[BlackFideId "12502910"]
[EventDate "2015.08.23"]

1. e4 c5 2. Nf3 Nc6 3. d4 cxd4 4. Nxd4 Nf6 5. Nc3 e5 6. Ndb5 d6 7. Bg5 a6 8. Na3
b5 9. Nd5 Be7 10. Bxf6 Bxf6 11. c4 b4 12. Nc2 O-O 13. Be2 a5 14. O-O Bg5 15. Qd3
Be6 16. b3 f5 17. Bf3 f4 18. Rfd1 Kh8 19. Qe2 Ne7 20. c5 Nxd5 21. exd5 Bf5 22.
c6 Qb6 23. Be4 f3 24. gxf3 Bh3 25. Kh1 Qd8 26. Rg1 Bf4 27. Rg3 Qh4 28. Ne3 Rf6
29. Qe1 Rh6 30. Qg1 g6 31. a3 Rb8 32. axb4 Rxb4 33. Rxa5 Rxe4 34. Ra8+ Kg7 35.
Qa1 Bxg3 36. Qa7+ Kf6 37. Rf8+ Kg5 38. Qe7+ Kh5 39. Qxh4+ Bxh4 40. fxe4 Bg5 41.
b4 Bxe3 42. fxe3 Kg5 43. c7 Rh4 44. Rf3 Bd7 45. Rf7 Bh3 46. Rf3 Bd7 47. Rf7 Bh3
48. Rf3 1/2-1/2

[Event "22nd Abu Dhabi Masters"]
[Site "Abu Dhabi UAE"]
[Date "2015.08.27"]
[Round "6.46"]
[White "Mokal,Amruta Sunil"]
[Black "Nuber,B"]
[Result "1/2-1/2"]
[BlackTitle "FM"]
[WhiteElo "2123"]
[BlackElo "2339"]
[WhiteFideId "5016371"]
[BlackFideId "24620289"]
[EventDate "2015.08.23"]

1. e4 e5 2. Nf3 Nc6 3. d4 exd4 4. Nxd4 Bc5 5. Nb3 Bb6 6. Nc3 Nge7 7. Qe2 d6 8.
Be3 Be6 9. O-O-O Ne5 10. Nd4 Bc4 11. Qh5 Bxf1 12. Rhxf1 Qd7 13. f4 Qg4 14. Qxg4
Nxg4 15. Bg1 O-O-O 16. h3 1/2-1/2